Central Library OPAC University of Rajshahi

আধুনিক পরিসংখ্যান / (Record no. 37814)

MARC details
000 -LEADER
fixed length control field 00869nam a2200229 a 4500
001 - CONTROL NUMBER
control field 37814
003 - CONTROL NUMBER IDENTIFIER
rucl marc code BD-RjUL
005 - DATE AND TIME OF LATEST TRANSACTION
control field 20211209052647.0
008 - FIXED-LENGTH DATA ELEMENTS--GENERAL INFORMATION
fixed length control field 161026s1981 bg a|||| |||| 00| 0 ben d
035 ## - SYSTEM CONTROL NUMBER
System control number (BD-RjUL)37919
040 ## - CATALOGING SOURCE
Original cataloging agency BD-RjUL
Language of cataloging ben
Transcribing agency BD-RjUL
041 ## - LANGUAGE CODE
Language code of text/sound track or separate title ben
082 ## - DEWEY DECIMAL CLASSIFICATION NUMBER
Classification number 519.5
Author mark and year AHA 1981
100 ## - MAIN ENTRY--PERSONAL NAME
Personal name আহমেদ, মোজহার উদ্দিন
9 (RLIN) 117153
245 10 - TITLE STATEMENT
Title আধুনিক পরিসংখ্যান /
Statement of responsibility, etc. মোজহার উদ্দিন আহমেদ
250 ## - EDITION STATEMENT
Edition statement ১ম সং.
260 ## - PUBLICATION, DISTRIBUTION, ETC. (IMPRINT)
Place of publication, distribution, etc. ঢাকা :
Name of publisher, distributor, etc. মল্লিক ব্রাদার্স,
Date of publication, distribution, etc. ১৯৮১.
300 ## - PHYSICAL DESCRIPTION
Pagination ৫৪০, ১-১৫৬ পৃ. :
Illustrations চিত্র ;
Size ২১ সেমি.
650 ## - SUBJECT ADDED ENTRY--TOPICAL TERM
Topical term or geographic name as entry element গাণিতিক পরিসংখ্যান
9 (RLIN) 117077
Topical term or geographic name as entry element Mathematical Statistics
9 (RLIN) 117154
942 ## - ADDED ENTRY ELEMENTS (KOHA)
Source of classification or shelving scheme Dewey Decimal Classification
Koha item type Books
Holdings
Lost status Source of classification or shelving scheme Damaged status Not for loan Collection code Permanent Location Current Location Shelving location Date acquired Source of acquisition Cost, normal purchase price Total Checkouts Full call number Date last seen Date checked out Copy number Koha item type
  Dewey Decimal Classification     Non-fiction Central Library, University of Rajshahi Central Library, University of Rajshahi   19/06/1981 Ureka Book Akademi, Rajshahi 50.00 2 B 519.5 AHA 1981 19/12/2015 03/12/2015 C-2 Books
  Dewey Decimal Classification   Not For Loan Non-fiction Central Library, University of Rajshahi Central Library, University of Rajshahi Reading Room 19/06/1981 Ureka Book Akademi, Rajshahi 50.00   B 519.5 AHA 1981 28/05/2017   C-1 Books
  Dewey Decimal Classification     Non-fiction Central Library, University of Rajshahi Central Library, University of Rajshahi   19/06/1981 Ureka Book Akademi, Rajshahi 50.00 2 B 519.5 AHA 1981 26/11/2017 07/11/2017 C-3 Books
  Dewey Decimal Classification     Non-fiction Central Library, University of Rajshahi Central Library, University of Rajshahi   19/06/1981 Ureka Book Akademi, Rajshahi 50.00 2 B 519.5 AHA 1981 17/11/2015 01/11/2015 C-4 Books
  Dewey Decimal Classification     Non-fiction Central Library, University of Rajshahi Central Library, University of Rajshahi   19/06/1981 Ureka Book Akademi, Rajshahi 50.00 2 B 519.5 AHA 1981 15/02/2016 06/02/2016 C-5 Books
  Dewey Decimal Classification     Non-fiction Central Library, University of Rajshahi Central Library, University of Rajshahi   19/06/1981 Ureka Book Akademi, Rajshahi 50.00 6 B 519.5 AHA 1981 04/12/2017 04/12/2017 C-6 Books
  Dewey Decimal Classification     Non-fiction Central Library, University of Rajshahi Central Library, University of Rajshahi   19/06/1981 Ureka Book Akademi, Rajshahi 50.00   B 519.5 AHA 1981 14/10/2015   C-7 Books
  Dewey Decimal Classification     Non-fiction Central Library, University of Rajshahi Central Library, University of Rajshahi   19/06/1981 Rajshahi Ureka books 50.00   B 519.5 AHA 1981 17/07/2016   C-8 Books
  Dewey Decimal Classification     Non-fiction Central Library, University of Rajshahi Central Library, University of Rajshahi   19/06/1981 Ureka Book Akademi, Rajshahi 50.00 1 B 519.5 AHA 1981 28/02/2017 23/02/2017 C-9 Books